[Event "Solingen"]
[Site "IX. Karnevals-Open"]
[Date "2018.02.09"]
[Round "1.28"]
[White "Jacobi, Niklas"]
[Black "Herrmann, Markus"]
[Result "1-0"]
[WhiteElo "1926"]
[BlackElo "1774"]
[PlyCount "123"]
[EventDate "2018.??.??"]
[WhiteTeam "SV Wesel"]
[BlackTeam "Digo Help Geilenkichen"]

1. e4 Nc6 2. d4 e5 3. Nf3 exd4 4. Nxd4 Nf6 5. Nxc6 bxc6 6. e5 Nd5 7. Bc4 Nb6 8.
Bb3 Be7 9. Qg4 Kf8 10. Qf3 d5 11. exd6 Bf6 12. O-O cxd6 13. Qxc6 Be6 14. Bxe6
fxe6 15. c3 Rc8 16. Qe4 e5 17. Na3 Qe7 18. Be3 d5 19. Qf5 Kf7 20. Rad1 Qe6 21.
Qh5+ g6 22. Qf3 Rhd8 23. Rfe1 Rd7 24. Bd4 e4 25. Qe3 Bxd4 26. Qxd4 Qf6 27. Qd2
Kg7 28. Re3 Rf7 29. Rh3 Rcf8 30. f3 Qc6 31. fxe4 dxe4 32. Re3 Rd7 33. Qe2 Qc5
34. Rxd7+ Nxd7 35. b4 Qb6 36. Nc4 Qf6 37. Rxe4 Qxc3 38. Re7+ Rf7 39. Rxf7+ Kxf7
40. Qf3+ Qxf3 41. gxf3 Ke6 42. Kf2 Kd5 43. Na5 Ne5 44. Ke2 g5 45. a3 a6 46. Nb7
Nc4 47. Nc5 Nxa3 48. Nxa6 Nb5 49. Kd3 h5 50. h3 Nd6 51. Nc7+ Ke5 52. Ke3 Nf5+
53. Kf2 Nd6 54. b5 Kf4 55. b6 g4 56. Nb5 g3+ 57. Kg2 Nb7 58. h4 Nc5 59. Nd6 Nd3
60. b7 Ne1+ 61. Kh1 Kxf3 62. b8=Q 1-0

[Event "Solingen"]
[Site "IX. Karnevals-Open"]
[Date "2018.02.09"]
[Round "1.29"]
[White "Marchenko, Dimitrij"]
[Black "Arakelian, Aik"]
[Result "1/2-1/2"]
[WhiteElo "1618"]
[BlackElo "1924"]
[PlyCount "95"]
[EventDate "2018.??.??"]
[WhiteTeam "SK Königsspringer Iserlohn"]
[BlackTeam "SG Ennepe-Ruhr-Süd"]

1. e4 Nf6 2. Nc3 d6 3. d3 g6 4. g3 h5 5. Nf3 Bg4 6. h3 Bxf3 7. Qxf3 Nc6 8. Be3
Qd7 9. O-O-O O-O-O 10. d4 a6 11. e5 Nh7 12. Qxf7 dxe5 13. dxe5 Nxe5 14. Rxd7
Nxf7 15. Rxd8+ Nxd8 16. Bd4 Bh6+ 17. f4 Rf8 18. h4 Nc6 19. Bc5 Rd8 20. Bh3+ Kb8
21. Rd1 e5 22. Rxd8+ Nxd8 23. Be7 Nc6 24. Bg5 Nxg5 25. hxg5 Bg7 26. f5 gxf5 27.
Bxf5 Nd4 28. Bg6 Nf3 29. Ne4 Nxg5 30. Nxg5 Bh6 31. Bxh5 Bxg5+ 32. Kd1 Kc8 33.
Ke2 Kd7 34. Kd3 Kd6 35. b3 b5 36. Ke4 Bf6 37. Bf7 Kc5 38. a3 a5 39. g4 Bg7 40.
g5 Bh8 41. g6 Bg7 42. Bg8 Kd6 43. Bf7 c5 44. Be8 b4 45. a4 Bh6 46. Bf7 Bg7 47.
Bg8 Bh6 48. Bf7 1/2-1/2

[Event "Solingen"]
[Site "IX. Karnevals-Open"]
[Date "2018.02.09"]
[Round "1.30"]
[White "Illner, Jan"]
[Black "Gerlach, Felix"]
[Result "0-1"]
[WhiteElo "1462"]
[BlackElo "1893"]
[PlyCount "122"]
[EventDate "2018.??.??"]
[WhiteTeam "SG Bochum"]
[BlackTeam "SF Brackel"]

1. e4 c5 2. Nf3 d6 3. d4 cxd4 4. Nxd4 Nf6 5. Nc3 a6 6. Bd3 Nc6 7. Nxc6 bxc6 8.
O-O e5 9. b3 Be7 10. Bb2 O-O 11. Ne2 a5 12. c4 Nd7 13. Ng3 g6 14. Qe2 Qb6 15.
Bc3 Nc5 16. Bc2 f5 17. exf5 gxf5 18. Qh5 e4 19. Qh6 Rf7 20. Nh5 Qd8 21. Qe3 Ne6
22. Rad1 Nf8 23. Qd4 Ng6 24. Rfe1 Qf8 25. Re3 f4 26. Rxe4 Bf5 27. Rxe7 Qxe7 28.
Bxf5 Rxf5 29. Nf6+ Kf8 30. Qxd6 Qxd6 31. Rxd6 Ne7 32. Nxh7+ Kf7 33. Nf6 a4 34.
b4 a3 35. Ne4 Ra6 36. f3 Nc8 37. Rf6+ Rxf6 38. Nxf6 Nd6 39. Nh5 Nxc4 40. Nxf4
Ra8 41. Kf2 Re8 42. Bd4 Nb2 43. h4 Nd1+ 44. Kg3 Rb8 45. h5 Rxb4 46. Be5 Ne3 47.
Bh8 Rb2 48. Kh3 Rxa2 49. g4 Rd2 50. h6 Kg8 51. Bg7 Rd7 52. Be5 a2 53. g5 Re7
54. Bf6 Rf7 55. Be5 Rxf4 56. Bxf4 a1=Q 57. Bxe3 Qc3 58. Bf2 Qxf3+ 59. Bg3 Qh5+
60. Bh4 Kh7 61. Kg3 c5 0-1

[Event "Solingen"]
[Site "IX. Karnevals-Open"]
[Date "2018.02.09"]
[Round "1.31"]
[White "Nasoyan, Maksim"]
[Black "Signorile, Paolo"]
[Result "1-0"]
[WhiteElo "1893"]
[BlackElo "1388"]
[PlyCount "85"]
[EventDate "2018.??.??"]
[WhiteTeam "SG Ennepe-Ruhr-Süd"]
[BlackTeam "TSV Hagen"]

1. e4 c5 2. Nf3 g6 3. d4 cxd4 4. Nxd4 Nc6 5. Be3 Bg7 6. Nc3 Nf6 7. Nxc6 bxc6 8.
e5 Ng8 9. Bd4 e6 10. Ne4 Ne7 11. Nd6+ Kf8 12. Be2 Nf5 13. Nxf5 exf5 14. O-O Kg8
15. Bc3 a5 16. Qd6 Bf8 17. Qd2 Bg7 18. Rad1 Qe7 19. Bc4 Bxe5 20. Rfe1 d6 21.
Rxe5 dxe5 22. Qd8+ Qxd8 23. Rxd8+ Kg7 24. Bxe5+ f6 25. Bxf6+ Kxf6 26. Rxh8 Kg7
27. Rg8+ Kh6 28. Kf1 Bb7 29. Rxa8 Bxa8 30. Ke2 Kg5 31. a3 c5 32. f3 Kf4 33. c3
Ke5 34. b4 cxb4 35. cxb4 axb4 36. axb4 h6 37. Kd3 f4 38. b5 g5 39. b6 Bb7 40.
h3 Bc8 41. Bf7 Kf6 42. Bd5 Ke5 43. b7 1-0

[Event "Solingen"]
[Site "IX. Karnevals-Open"]
[Date "2018.02.09"]
[Round "1.32"]
[White "Mukovskiy, Peter"]
[Black "Gutkin, Ilya"]
[Result "0-1"]
[WhiteElo "1292"]
[BlackElo "1891"]
[PlyCount "54"]
[EventDate "2018.??.??"]
[WhiteTeam "Düsseldorfer SK"]
[BlackTeam "ESK WD Wedau"]

1. d4 e6 2. c4 Bb4+ 3. Nc3 c5 4. a3 Bxc3+ 5. bxc3 Nc6 6. Nf3 d6 7. d5 Na5 8. e4
e5 9. h3 h6 10. Bd3 Ne7 11. O-O O-O 12. Be3 b6 13. Nd2 Ba6 14. f4 exf4 15. Bxf4
Ng6 16. Bh2 Qe7 17. Qc2 Rae8 18. Rac1 Ne5 19. Bxe5 Qxe5 20. Qa4 f5 21. Qc2 fxe4
22. Bxe4 Nxc4 23. Rfe1 Qg3 24. Nxc4 Bxc4 25. Qa4 b5 26. Qc2 Re5 27. Qd2 Rfe8
0-1

[Event "Solingen"]
[Site "IX. Karnevals-Open"]
[Date "2018.02.09"]
[Round "1.33"]
[White "Westermann, Walter"]
[Black "Nalliboyana, Sivaram"]
[Result "1-0"]
[WhiteElo "1856"]
[BlackElo "1138"]
[PlyCount "67"]
[EventDate "2018.??.??"]
[WhiteTeam "SV Hilden"]
[BlackTeam "SV Eichlinghofen"]

1. e4 c5 2. c3 d5 3. exd5 Qxd5 4. d4 Nf6 5. Nf3 e6 6. Be2 Be7 7. O-O O-O 8. Na3
Nc6 9. Nb5 Bd6 10. c4 Bxh2+ 11. Nxh2 Qd7 12. dxc5 a6 13. Qxd7 Bxd7 14. Nd6 Nd4
15. Bf3 Nxf3+ 16. Nxf3 Bc6 17. Ne5 Nd7 18. Nxd7 Bxd7 19. Nxb7 Bc6 20. Na5 Rac8
21. Nxc6 Rxc6 22. Bf4 f5 23. Rfe1 Rf6 24. b4 a5 25. b5 Rxc5 26. b6 e5 27. b7
Rb6 28. Rab1 Rxb1 29. Rxb1 exf4 30. b8=Q+ Kf7 31. Rb6 Rxc4 32. Qa7+ Rc7 33.
Qxc7+ Ke8 34. Rb8# 1-0

[Event "Solingen"]
[Site "IX. Karnevals-Open"]
[Date "2018.02.09"]
[Round "1.34"]
[White "Schneider, Ferdinand"]
[Black "Becker, Carsten"]
[Result "0-1"]
[WhiteElo "1116"]
[BlackElo "1847"]
[PlyCount "60"]
[EventDate "2018.??.??"]
[WhiteTeam "SF Vonkeln"]
[BlackTeam "SF Vonkeln"]

1. e4 e6 2. d4 d5 3. exd5 exd5 4. Nf3 Bd6 5. Bd3 c6 6. O-O h6 7. Re1+ Ne7 8.
Be3 Bg4 9. Nbd2 Nd7 10. Qe2 O-O 11. c3 f5 12. Nb3 Nf6 13. Rad1 Qe8 14. h3 Bh5
15. a3 Ne4 16. Nbd2 f4 17. Nxe4 dxe4 18. Bxe4 fxe3 19. fxe3 Kh8 20. Rf1 Bxf3
21. Rxf3 Rxf3 22. Bxf3 Nf5 23. e4 Ng3 24. Qe3 Nf5 25. Qe2 Ng3 26. Qe3 Qg6 27.
e5 Be7 28. Bg4 Bh4 29. Rd3 Rf8 30. c4 Rf1+ 0-1

[Event "Solingen"]
[Site "IX. Karnevals-Open"]
[Date "2018.02.09"]
[Round "1.35"]
[White "Reinhardt, Klaus"]
[Black "Albrecht, Philipp"]
[Result "1-0"]
[WhiteElo "1834"]
[BlackElo "1021"]
[PlyCount "79"]
[EventDate "2018.??.??"]
[WhiteTeam "vereinslos"]
[BlackTeam "SF Brett vor'm Kopp Duisburg"]

1. f4 Nf6 2. Nf3 e6 3. b3 b6 4. Bb2 Bb7 5. e3 d5 6. Bb5+ Nbd7 7. O-O c5 8. Qe1
Qc7 9. d3 Bc6 10. Bxc6 Qxc6 11. Nbd2 Bd6 12. Ne5 Bxe5 13. fxe5 Ng4 14. Qg3 f5
15. h3 Nh6 16. Qxg7 Nf7 17. Nf3 Nf8 18. Ng5 Qd7 19. Nxf7 Qxf7 20. Qxh8 Qg6 21.
Qf6 Nd7 22. Qxg6+ hxg6 23. a4 O-O-O 24. d4 a5 25. c4 Nb8 26. Rac1 dxc4 27. Rxc4
Nc6 28. dxc5 bxc5 29. Rxc5 Kb7 30. Rfc1 Nb4 31. Rxa5 Rd5 32. Rxd5 Nxd5 33. Bd4
f4 34. Kf2 Nb4 35. Rc4 Nd5 36. h4 fxe3+ 37. Bxe3 Ne7 38. b4 Nf5 39. g3 Nh6 40.
Bxh6 1-0

[Event "Solingen"]
[Site "IX. Karnevals-Open"]
[Date "2018.02.09"]
[Round "1.37"]
[White "Coenen, Siegfried"]
[Black "Bünte, Dr. Andreas"]
[Result "1-0"]
[WhiteElo "1921"]
[BlackElo "1561"]
[PlyCount "71"]
[EventDate "2018.??.??"]
[WhiteTeam "SG Hochneukirch"]
[BlackTeam "Rhedaer SV"]

1. e4 c6 2. d4 d5 3. Nc3 dxe4 4. Nxe4 Bf5 5. Ng3 Bg6 6. Nf3 Nd7 7. h4 h6 8. h5
Bh7 9. Bd3 Bxd3 10. Qxd3 e6 11. Bd2 Ngf6 12. O-O-O Be7 13. Kb1 O-O 14. Rhe1 Qc7
15. Nf5 Rfe8 16. Nxe7+ Rxe7 17. Nh4 c5 18. Qa3 Ree8 19. dxc5 Qxc5 20. Qf3 Qxh5
21. Qxh5 Nxh5 22. Bxh6 Nhf6 23. Bc1 Nb6 24. Rd3 Nbd5 25. Rb3 b6 26. c4 Ne7 27.
Rh3 Rec8 28. b3 Rd8 29. Ba3 Rd7 30. Bxe7 Rxe7 31. Nf5 Kf8 32. Rh8+ Ng8 33. Nxe7
Kxe7 34. Rd1 Rc8 35. Kb2 Rc7 36. Rxg8 1-0

[Event "Solingen"]
[Site "IX. Karnevals-Open"]
[Date "2018.02.10"]
[Round "2.1"]
[White "Wegerle, Jörg"]
[Black "Sperling, Lennart"]
[Result "1-0"]
[WhiteElo "2420"]
[BlackElo "2043"]
[PlyCount "67"]
[EventDate "2018.??.??"]
[WhiteTeam "SG Solingen"]
[BlackTeam "SG Kaarst"]

1. g3 d5 2. Bg2 Nf6 3. Nf3 g6 4. c4 c6 5. b3 Bg7 6. Bb2 O-O 7. O-O Nbd7 8. Qc2
Re8 9. Nc3 dxc4 10. bxc4 e5 11. d3 Qc7 12. Rab1 b6 13. Nd2 Bb7 14. Ba3 Rad8 15.
c5 b5 16. Nce4 Nxe4 17. Nxe4 Bf8 18. e3 a5 19. d4 exd4 20. exd4 b4 21. Bc1 Ba6
22. Bf4 Qb7 23. Rfe1 Bb5 24. Re3 Qa6 25. Rbe1 Bc4 26. Nd6 Rxe3 27. Rxe3 Be6 28.
Rxe6 fxe6 29. Qe4 e5 30. Bf1 Qa7 31. Bc4+ Kg7 32. Bxe5+ Nf6 33. Bxf6+ Kxf6 34.
Qe5# 1-0

[Event "Solingen"]
[Site "IX. Karnevals-Open"]
[Date "2018.02.10"]
[Round "2.2"]
[White "Zettl, Thomas"]
[Black "Coenen, Michael"]
[Result "1/2-1/2"]
[WhiteElo "1982"]
[BlackElo "2365"]
[PlyCount "85"]
[EventDate "2018.??.??"]
[WhiteTeam "SF Moers"]
[BlackTeam "Düsseldorfer SK"]

1. c4 c6 2. Nc3 d5 3. e4 dxe4 4. Nxe4 e5 5. d3 Na6 6. Qh5 Bb4+ 7. Bd2 Bxd2+ 8.
Kxd2 Ne7 9. Qxe5 O-O 10. Re1 Ng6 11. Qc3 f5 12. Ng3 b5 13. Nf3 Bd7 14. h4 b4
15. Qc2 Qa5 16. b3 Rae8 17. Rxe8 Rxe8 18. d4 f4 19. h5 Nf8 20. Ne4 Bg4 21. Bd3
Qd8 22. c5 Bxf3 23. gxf3 Nc7 24. Nd6 Re6 25. Bc4 Nd5 26. Bxd5 cxd5 27. Qf5 Qe7
28. Qxd5 Kh8 29. Re1 h6 30. Rxe6 Nxe6 31. Qe5 Qh4 32. Qxe6 Qxf2+ 33. Kd3 Qxf3+
34. Kc4 Qc3+ 35. Kb5 Qd3+ 36. Qc4 Qd1 37. Qf7 Qe2+ 38. Kc6 f3 39. Qf8+ Kh7 40.
Qf5+ Kh8 41. d5 f2 42. Qf8+ Kh7 43. Qf5+ 1/2-1/2

[Event "Solingen"]
[Site "IX. Karnevals-Open"]
[Date "2018.02.10"]
[Round "2.3"]
[White "Michalczak, Thomas"]
[Black "Bruil, Rembrandt"]
[Result "1-0"]
[WhiteElo "2283"]
[BlackElo "1976"]
[PlyCount "79"]
[EventDate "2018.??.??"]
[WhiteTeam "SG Solingen"]
[BlackTeam "SK Turm Kleve"]

1. e4 c5 2. Nf3 d6 3. d4 cxd4 4. Nxd4 Nf6 5. Nc3 a6 6. f3 e5 7. Nb3 Be7 8. Be3
Be6 9. Qd2 O-O 10. O-O-O Nbd7 11. g4 b5 12. g5 b4 13. gxf6 bxc3 14. Qxc3 Nxf6
15. Na5 Rc8 16. Nc6 Qd7 17. Nxe7+ Qxe7 18. Qa3 Qc7 19. Rd2 d5 20. Bg5 Qc5 21.
Qxc5 Rxc5 22. Bxf6 gxf6 23. Rg1+ Kh8 24. b4 Rc3 25. exd5 Bf5 26. Bd3 Bxd3 27.
Rxd3 Rxd3 28. cxd3 Rd8 29. Kc2 Rxd5 30. a4 f5 31. Kc3 f4 32. Rb1 Kg7 33. b5
axb5 34. axb5 Rd8 35. b6 Rb8 36. Kc4 Kf6 37. b7 Ke6 38. Kc5 f5 39. Rb4 h5 40.
Kc6 1-0

[Event "Solingen"]
[Site "IX. Karnevals-Open"]
[Date "2018.02.10"]
[Round "2.4"]
[White "Asadzade, Idris"]
[Black "Marcziter, Dr. Dmitrii"]
[Result "0-1"]
[WhiteElo "1971"]
[BlackElo "2277"]
[PlyCount "82"]
[EventDate "2018.??.??"]
[WhiteTeam "Königsspringer Leverkusen"]
[BlackTeam "DJK Aufwärts Aachen"]

1. c4 e6 2. Nf3 d5 3. g3 Nf6 4. Bg2 c5 5. cxd5 exd5 6. d4 Nc6 7. Nc3 Be7 8. O-O
O-O 9. a3 Ne4 10. Be3 Bf6 11. Rc1 Nxc3 12. Rxc3 c4 13. Qd2 h6 14. Bf4 Re8 15.
Re3 Bg4 16. Ne5 Bxe5 17. Bxe5 Qd7 18. Bf4 b5 19. Re1 Bf5 20. f3 Rad8 21. Rxe8+
Rxe8 22. g4 Bg6 23. g5 h5 24. Bg3 a5 25. Bf2 Rd8 26. Rd1 Bf5 27. Qf4 b4 28.
axb4 axb4 29. e4 dxe4 30. fxe4 Bg4 31. Bf3 Bxf3 32. Qxf3 g6 33. Qf4 Ne5 34. Rd2
Nd3 35. Qg3 Ra8 36. b3 Nxf2 37. Qxf2 Ra1+ 38. Kg2 Qg4+ 39. Qg3 Qxe4+ 40. Kh3
Qf5+ 41. Kg2 Qf1# 0-1

[Event "Solingen"]
[Site "IX. Karnevals-Open"]
[Date "2018.02.10"]
[Round "2.5"]
[White "Schülke, Tilman"]
[Black "Nagel, Bernhard"]
[Result "0-1"]
[WhiteElo "1945"]
[BlackElo "2206"]
[PlyCount "110"]
[EventDate "2018.??.??"]
[WhiteTeam "Düsseldorfer SV"]
[BlackTeam "Kölner SK Dr. Lasker"]

1. d4 Nf6 2. c3 e6 3. Bg5 h6 4. Bh4 Be7 5. Nd2 d5 6. e3 Nbd7 7. Bg3 b6 8. h3
Bb7 9. Ngf3 O-O 10. Bb5 Ne4 11. Nxe4 dxe4 12. Ne5 Nxe5 13. Bxe5 Bd6 14. Bxd6
cxd6 15. Qe2 f5 16. g3 a6 17. Ba4 Qe7 18. Bb3 Kh8 19. a4 Bc6 20. d5 Bb7 21.
dxe6 d5 22. Qd2 Qxe6 23. Qd4 Rad8 24. a5 Rf6 25. Bd1 bxa5 26. Rxa5 Kh7 27. Be2
Qc8 28. Rc5 Rc6 29. Rxc6 Bxc6 30. h4 Qb7 31. b4 Bb5 32. Qd2 Rc8 33. Qd4 Qc6 34.
Bxb5 Qxb5 35. Kd2 a5 36. Rc1 Kh8 37. bxa5 Qxa5 38. h5 Qd8 39. Qe5 Qg5 40. Rh1
Ra8 41. Rc1 Qxh5 42. Qxd5 Rb8 43. Qa2 Rd8+ 44. Kc2 Qe2+ 45. Kb1 Qd3+ 46. Ka1
Rd6 47. Qf7 Qa6+ 48. Qa2 Qc8 49. Qf7 Rd2 50. Qb3 Qa6+ 51. Kb1 Rd7 52. Qa2 Qd3+
53. Qc2 Rb7+ 54. Ka1 Qd8 55. c4 Qa8+ 0-1

[Event "Solingen"]
[Site "IX. Karnevals-Open"]
[Date "2018.02.10"]
[Round "2.6"]
[White "Küppers, Timo"]
[Black "Vranidis, Athanassios"]
[Result "1-0"]
[WhiteElo "2194"]
[BlackElo "1958"]
[PlyCount "59"]
[EventDate "2018.??.??"]
[WhiteTeam "SF Essen-Katernberg"]
[BlackTeam "SG Solingen"]

1. e4 c5 2. Nc3 Nc6 3. Nf3 d6 4. d4 cxd4 5. Nxd4 Bd7 6. Be3 Nf6 7. f3 a6 8. Qd2
e5 9. Nb3 Be6 10. O-O-O Na5 11. g4 Nxb3+ 12. axb3 Qa5 13. Kb1 Rc8 14. g5 Nd7
15. Nd5 Qxd2 16. Rxd2 Bxd5 17. Rxd5 Rc6 18. Bh3 Nb6 19. Rd3 Be7 20. Rc3 Rxc3
21. bxc3 Bd8 22. Rd1 Ke7 23. c4 Bc7 24. c5 Nc8 25. f4 Rd8 26. f5 f6 27. Rg1 Kf7
28. gxf6 gxf6 29. Bf1 b5 30. Be2 1-0

[Event "Solingen"]
[Site "IX. Karnevals-Open"]
[Date "2018.02.10"]
[Round "2.7"]
[White "Borchert, Stephan"]
[Black "Peschel, Andreas"]
[Result "1/2-1/2"]
[WhiteElo "1936"]
[BlackElo "2185"]
[PlyCount "45"]
[EventDate "2018.??.??"]
[WhiteTeam "SG Solingen"]
[BlackTeam "SG Solingen"]

1. e4 c6 2. d4 d5 3. e5 g6 4. h3 Bg7 5. Be3 f6 6. f4 Qb6 7. Qc1 Nh6 8. Nf3 Bf5
9. c4 Bxb1 10. c5 Qa5+ 11. Bd2 Qd8 12. Qxb1 Nf5 13. Bd3 Ng3 14. Rg1 f5 15. Qc2
e6 16. O-O-O Nd7 17. Be1 Ne4 18. g4 Bh6 19. g5 Bg7 20. h4 h5 21. b4 a6 22. a4
Kf7 23. a5 1/2-1/2

[Event "Solingen"]
[Site "IX. Karnevals-Open"]
[Date "2018.02.10"]
[Round "2.8"]
[White "Chittka, Julius"]
[Black "Jacobi, Niklas"]
[Result "1-0"]
[WhiteElo "2182"]
[BlackElo "1926"]
[PlyCount "53"]
[EventDate "2018.??.??"]
[WhiteTeam "SF Düsseldorf-Süd"]
[BlackTeam "SV Wesel"]

1. d4 Nf6 2. c4 e6 3. Nc3 Bb4 4. f3 d5 5. a3 Bxc3+ 6. bxc3 O-O 7. cxd5 exd5 8.
e3 b6 9. Bd3 Ba6 10. Ne2 Bxd3 11. Qxd3 c5 12. O-O Nc6 13. e4 h6 14. e5 Nh7 15.
f4 f5 16. a4 Rc8 17. Ba3 Na5 18. dxc5 bxc5 19. Rfd1 Nc4 20. Qxd5+ Qxd5 21. Rxd5
Nxa3 22. Rxa3 c4 23. Nd4 g5 24. g3 gxf4 25. gxf4 Rf7 26. Ra2 Rb8 27. Rb5 1-0

[Event "Solingen"]
[Site "IX. Karnevals-Open"]
[Date "2018.02.10"]
[Round "2.9"]
[White "Gerlach, Felix"]
[Black "Naundorf, Maik"]
[Result "0-1"]
[WhiteElo "1893"]
[BlackElo "2160"]
[PlyCount "58"]
[EventDate "2018.??.??"]
[WhiteTeam "SF Brackel"]
[BlackTeam "Elberfelder SG"]

1. e4 c5 2. Nf3 g6 3. d4 cxd4 4. Nxd4 Bg7 5. Nc3 Nc6 6. Be3 Nf6 7. Bc4 O-O 8.
Bb3 Qc7 9. h3 a6 10. O-O b5 11. f4 b4 12. Nd5 Nxd5 13. Bxd5 e6 14. Bb3 Bb7 15.
a3 bxa3 16. Rxa3 Nxd4 17. Bxd4 e5 18. Bxe5 Qc5+ 19. Rf2 Bxe5 20. fxe5 Qxe5 21.
Bd5 Bxd5 22. Qxd5 Qxb2 23. Raf3 Qb1+ 24. Kh2 Qb5 25. c4 Qxd5 26. cxd5 a5 27. g4
a4 28. g5 Rfb8 29. Rxf7 a3 0-1

[Event "Solingen"]
[Site "IX. Karnevals-Open"]
[Date "2018.02.10"]
[Round "2.10"]
[White "Gutkin, Ilya"]
[Black "Terhuven, Patrick"]
[Result "1/2-1/2"]
[WhiteElo "1891"]
[BlackElo "2112"]
[PlyCount "66"]
[EventDate "2018.??.??"]
[WhiteTeam "ESK WD Wedau"]
[BlackTeam "Krefelder SK Turm"]

1. e4 c5 2. Nc3 g6 3. g3 Bg7 4. Bg2 Nc6 5. Nge2 d6 6. d3 e6 7. Be3 Nd4 8. O-O
Ne7 9. Qd2 O-O 10. Rac1 Rb8 11. Bh6 Bxh6 12. Qxh6 Nec6 13. f4 b5 14. f5 exf5
15. exf5 Bxf5 16. Bxc6 Nxc6 17. Rxf5 gxf5 18. Nd5 f6 19. Nef4 Qe8 20. Nxf6+
Rxf6 21. Qxf6 Qe5 22. Qg5+ Kh8 23. Rf1 Rf8 24. Nh5 b4 25. g4 Nd4 26. c3 bxc3
27. bxc3 Ne6 28. Rxf5 Qe1+ 29. Kg2 Qe2+ 30. Kg1 Qe1+ 31. Kg2 Qe2+ 32. Kg1 Qe1+
33. Kg2 Qe2+ 1/2-1/2

[Event "Solingen"]
[Site "IX. Karnevals-Open"]
[Date "2018.02.10"]
[Round "2.11"]
[White "Gula, Julian"]
[Black "Nasoyan, Maksim"]
[Result "1-0"]
[WhiteElo "2101"]
[BlackElo "1893"]
[PlyCount "71"]
[EventDate "2018.??.??"]
[WhiteTeam "SF Düsseldorf-Süd"]
[BlackTeam "SG Ennepe-Ruhr-Süd"]

1. Nf3 d5 2. b3 c5 3. Bb2 Nc6 4. e3 e6 5. d4 Nf6 6. Bd3 Bd6 7. dxc5 Bxc5 8.
Nbd2 O-O 9. O-O a6 10. c4 Nb4 11. Be2 dxc4 12. Nxc4 b5 13. Nce5 Qb6 14. a3 Rd8
15. Qc1 Nbd5 16. b4 Bf8 17. Bd4 Qb7 18. Nc6 Rd7 19. Na5 Qc7 20. Qb2 Qd8 21. Ne5
Rc7 22. Bf3 Nd7 23. e4 Nf4 24. Rfd1 Qg5 25. Nxd7 Rxd7 26. Be3 e5 27. Nc6 f6 28.
g3 Nh3+ 29. Kg2 Qg6 30. Rdc1 Ng5 31. Qb3+ Kh8 32. Bxg5 Qxg5 33. Rd1 Qg6 34. Nd8
Qe8 35. Rxd7 Bxd7 36. Nf7+ 1-0

[Event "Solingen"]
[Site "IX. Karnevals-Open"]
[Date "2018.02.10"]
[Round "2.12"]
[White "Becker, Carsten"]
[Black "Knudsen, Simon"]
[Result "0-1"]
[WhiteElo "1847"]
[BlackElo "2084"]
[PlyCount "74"]
[EventDate "2018.??.??"]
[WhiteTeam "SF Vonkeln"]
[BlackTeam "SF Brackel"]

1. e4 c5 2. c3 Nf6 3. e5 Nd5 4. d4 cxd4 5. cxd4 Nc6 6. Nf3 d6 7. Bc4 dxe5 8.
Nxe5 e6 9. O-O Be7 10. Nc3 Nb6 11. Bb5 Bd7 12. Nf3 Nb4 13. Bf4 N4d5 14. Bxd7+
Qxd7 15. Ne5 Qd8 16. Bg3 O-O 17. Rc1 Nf6 18. Qf3 Nbd5 19. Rfd1 Qe8 20. h4 b5
21. Ne4 Nxe4 22. Qxe4 Rc8 23. Nd3 b4 24. Nc5 Qb5 25. Qd3 Qa5 26. Qb3 Bxc5 27.
dxc5 Rxc5 28. Bd6 Rxc1 29. Rxc1 Rd8 30. Qg3 Qxa2 31. Be5 f6 32. Bd4 e5 33. Bxe5
fxe5 34. Qxe5 Nf6 35. Rc7 Qd5 36. Qe7 Qd1+ 37. Kh2 Qd6+ 0-1

[Event "Solingen"]
[Site "IX. Karnevals-Open"]
[Date "2018.02.10"]
[Round "2.13"]
[White "Prang, Andreas"]
[Black "Scholzen, Wolfgang"]
[Result "1-0"]
[WhiteElo "1832"]
[BlackElo "2062"]
[PlyCount "95"]
[EventDate "2018.??.??"]
[WhiteTeam "SV Unser Fritz"]
[BlackTeam "SK Turm Euskirchen"]

1. c4 Nf6 2. g3 g6 3. Bg2 Bg7 4. Nc3 O-O 5. Rb1 d6 6. b4 e5 7. d3 Nc6 8. e3 Ng4
9. h3 Nh6 10. b5 Ne7 11. Nge2 f5 12. Qb3 Nf7 13. a4 g5 14. f4 gxf4 15. exf4 Kh8
16. O-O exf4 17. Nxf4 Ne5 18. Qc2 N5g6 19. Nce2 Nxf4 20. Nxf4 Bd4+ 21. Kh2 Ng6
22. Nh5 Qe8 23. Bh6 Rf7 24. Bg5 h6 25. Rbe1 Qf8 26. Bc1 a6 27. Bb2 Bxb2 28.
Qxb2+ Ne5 29. Nf4 Kh7 30. b6 c6 31. a5 Qg7 32. Qc2 Bd7 33. d4 Ng6 34. Qd2 Nxf4
35. Qxf4 Rg8 36. d5 Qc3 37. dxc6 Bxc6 38. Re6 Rf6 39. Rxf6 Qxf6 40. Bxc6 bxc6
41. Qxf5+ Qxf5 42. Rxf5 Kg6 43. g4 Re8 44. Kg3 Re3+ 45. Rf3 Re7 46. Rf8 d5 47.
cxd5 cxd5 48. Ra8 1-0

[Event "Solingen"]
[Site "IX. Karnevals-Open"]
[Date "2018.02.10"]
[Round "2.14"]
[White "Neubauer, Jürgen"]
[Black "Westermann, Walter"]
[Result "1-0"]
[WhiteElo "2046"]
[BlackElo "1856"]
[PlyCount "63"]
[EventDate "2018.??.??"]
[WhiteTeam "SK Turm Euskirchen"]
[BlackTeam "SV Hilden"]

1. e4 c6 2. d3 d5 3. Nd2 e5 4. Ngf3 Nd7 5. g3 Ngf6 6. Bg2 dxe4 7. dxe4 Bb4 8.
c3 Ba5 9. O-O O-O 10. Qe2 Qe7 11. Nc4 Bc7 12. Rd1 Nc5 13. Nh4 Bg4 14. f3 Be6
15. Ne3 g6 16. Nc2 Rfd8 17. Bg5 Na4 18. Ne3 Rxd1+ 19. Rxd1 Rd8 20. f4 Rxd1+ 21.
Qxd1 Qc5 22. f5 gxf5 23. exf5 Nxb2 24. Qe2 Bc4 25. Qxb2 Bb6 26. Bf3 e4 27. Be2
Bd3 28. Nhg2 Qxf5 29. Qxb6 Qxg5 30. Qd8+ Kg7 31. Bxd3 exd3 32. Qxd3 1-0

[Event "Solingen"]
[Site "IX. Karnevals-Open"]
[Date "2018.02.10"]
[Round "2.15"]
[White "Dresen, Ulrich"]
[Black "Reinhardt, Klaus"]
[Result "1-0"]
[WhiteElo "2221"]
[BlackElo "1834"]
[PlyCount "79"]
[EventDate "2018.??.??"]
[WhiteTeam "SF Gerresheim"]
[BlackTeam "vereinslos"]

1. d4 d5 2. Bf4 Bf5 3. e3 e6 4. c4 c6 5. Nc3 Nd7 6. Qb3 Qb6 7. c5 Qxb3 8. axb3
Ngf6 9. b4 Nh5 10. Nf3 Nxf4 11. exf4 Be7 12. b5 O-O 13. Be2 Bg4 14. O-O Bxf3
15. Bxf3 cxb5 16. Nxb5 a6 17. Nc3 Bf6 18. Rfd1 g6 19. b4 Rfd8 20. Ra3 Be7 21.
Be2 Nf6 22. Bd3 Ne8 23. g3 Bf6 24. Bf1 Ng7 25. Bh3 Nf5 26. Bxf5 gxf5 27. Kf1 h5
28. Ke2 Kg7 29. h4 Rac8 30. Kd3 Rc6 31. Rb1 Rdc8 32. Rab3 b6 33. Ra3 bxc5 34.
bxc5 Bxd4 35. Kxd4 Rxc5 36. Kd3 R8c6 37. Rb4 Kf6 38. Rba4 Rb6 39. Ra5 Rc4 40.
Rxa6 1-0

[Event "Solingen"]
[Site "IX. Karnevals-Open"]
[Date "2018.02.10"]
[Round "2.16"]
[White "Flesch, Dr. Stefan"]
[Black "Kublanov, Carolin"]
[Result "1-0"]
[WhiteElo "2081"]
[BlackElo "1774"]
[PlyCount "57"]
[EventDate "2018.??.??"]
[WhiteTeam "SG Solingen"]
[BlackTeam "SG Solingen"]

1. d4 d5 2. Nf3 Nf6 3. e3 e6 4. Bd3 Bd6 5. b3 O-O 6. O-O b6 7. Bb2 Ne4 8. c4
Bb7 9. Nc3 Nd7 10. Rc1 a6 11. Qe2 c5 12. Rfd1 Qc7 13. h3 f5 14. Bb1 f4 15. cxd5
exd5 16. dxc5 Nxc3 17. Bxc3 bxc5 18. Ng5 Nf6 19. Bxf6 Rxf6 20. Bxh7+ Kh8 21.
Bb1 Raf8 22. e4 Rg6 23. h4 f3 24. Nxf3 dxe4 25. Ng5 Qc6 26. Bxe4 Qe8 27. Qh5+
Rh6 28. Qxe8 Rxe8 29. Nf7+ 1-0

[Event "Solingen"]
[Site "IX. Karnevals-Open"]
[Date "2018.02.10"]
[Round "2.17"]
[White "Fodor, Bernhard"]
[Black "Eickholt, Marc"]
[Result "0-1"]
[WhiteElo "1310"]
[BlackElo "1944"]
[PlyCount "76"]
[EventDate "2018.??.??"]
[WhiteTeam "SG Solingen"]
[BlackTeam "ESK WD Wedau"]

1. f4 d5 2. Nf3 g6 3. g3 Bg7 4. c3 Nf6 5. d3 O-O 6. Bg2 c5 7. O-O b6 8. Ne5 Bb7
9. Nd2 Nbd7 10. Ndf3 Qc7 11. Qa4 a6 12. Nxd7 Nxd7 13. Bd2 b5 14. Qc2 Qb6 15.
Kh1 c4 16. d4 Nf6 17. Ne5 Qc7 18. Bh3 Bc8 19. Bxc8 Qxc8 20. f5 Ne4 21. g4 Bxe5
22. dxe5 g5 23. Rf3 Qc7 24. Raf1 Qxe5 25. Be1 Qf6 26. Rh3 e5 27. Rh5 Qg7 28.
Rf3 Nf6 29. Qc1 Nxh5 30. gxh5 f6 31. Rh3 Qd7 32. Qc2 h6 33. e3 d4 34. exd4 exd4
35. Qf2 Rae8 36. Bd2 d3 37. Re3 Rxe3 38. Bxe3 Re8 0-1